[Event "32nd ECC Open 2016"]
[Site "Novi Sad SRB"]
[Date "2016.11.11"]
[Round "6.10"]
[Board "1"]
[White "Bluebaum, Matthias"]
[Black "Lupulescu, Constantin"]
[Result "1/2-1/2"]
[WhiteTitle "GM"]
[BlackTitle "GM"]
[WhiteElo "2641"]
[BlackElo "2609"]
[WhiteTeam "SV Werder Bremen"]
[BlackTeam "AEM Luxten Timisoara"]
[WhiteFideId "24651516"]
[BlackFideId "1207822"]
[EventDate "2016.11.06"]

1. Nf3 c5 2. c4 Nc6 3. d4 cxd4 4. Nxd4 e6 5. Nc3 Nf6 6. Bf4 d5 7. e3 Bb4 8. Nxc6
bxc6 9. Qa4 Qb6 10. Bd3 O-O 11. O-O a5 12. Qc2 Ba6 13. Na4 Qa7 14. Rac1 Be7 15.
Qe2 Rfc8 16. Rc2 Nd7 17. cxd5 Bxd3 18. Qxd3 cxd5 19. Rfc1 Rxc2 20. Rxc2 Bd8 21.
Qb5 h6 22. h3 Nb6 23. Nxb6 Bxb6 24. Rc6 Bd8 25. Rd6 Bc7 26. Rd7 Qb6 27. Qxb6
Bxb6 28. Rb7 Bd8 29. Be5 f6 30. Bc3 a4 31. Kf1 Ba5 32. Bd4 Ra6 33. Ke2 e5 34.
Bc5 Rc6 35. Rb5 Bc7 36. Kd3 Kf7 37. f3 h5 38. e4 d4 39. Bb4 Bd6 40. Bd2 g5 41.
Rb7+ Ke6 42. g3 Ra6 43. g4 hxg4 44. hxg4 Ra8 45. Rb6 Kd7 46. Rb7+ Bc7 47. Rb4
Bd6 48. Rb7+ Bc7 49. Rb4 Bd6 50. Rb7+ Bc7 1/2-1/2

[Event "32nd ECC Open 2016"]
[Site "Novi Sad SRB"]
[Date "2016.11.11"]
[Round "6.10"]
[Board "2"]
[White "Parligras, Mircea-Emilian"]
[Black "Werle, Jan"]
[Result "0-1"]
[WhiteTitle "GM"]
[BlackTitle "GM"]
[WhiteElo "2599"]
[BlackElo "2551"]
[WhiteTeam "AEM Luxten Timisoara"]
[BlackTeam "SV Werder Bremen"]
[WhiteFideId "1204297"]
[BlackFideId "1006088"]
[EventDate "2016.11.06"]

1. d4 Nf6 2. c4 e6 3. Nf3 b6 4. g3 Bb4+ 5. Bd2 Be7 6. Bg2 Bb7 7. Nc3 O-O 8. O-O
Na6 9. Rc1 c5 10. d5 exd5 11. Nh4 Nc7 12. Nf5 d6 13. cxd5 Re8 14. e4 Bf8 15. g4
Nd7 16. f4 g6 17. Ng3 b5 18. a3 a5 19. e5 b4 20. exd6 Bxd6 21. Nce4 Bf8 22. d6
Nd5 23. f5 Bg7 24. f6 Bf8 25. axb4 cxb4 26. Kh1 Ra6 27. g5 Bxd6 28. Nxd6 Rxd6
29. Qb3 Qa8 30. Kg1 a4 31. Qc4 Ne3 32. Bxe3 Bxg2 33. Rf2 Rc6 34. Qxb4 Rxe3 35.
Rd1 Bd5 36. Rfd2 Re5 37. Qf4 Qa7+ 38. Kf1 Rd6 39. h4 Qa6+ 40. Kg1 Qb6+ 41. Kh2
h6 42. Qxa4 hxg5 43. hxg5 Rxg5 44. Qf4 Re5 45. Rc1 Rxf6 0-1

[Event "32nd ECC Open 2016"]
[Site "Novi Sad SRB"]
[Date "2016.11.11"]
[Round "6.10"]
[Board "3"]
[White "Babula, Vlastimil"]
[Black "Nevednichy, Vladislav"]
[Result "1/2-1/2"]
[WhiteTitle "GM"]
[BlackTitle "GM"]
[WhiteElo "2548"]
[BlackElo "2541"]
[WhiteTeam "SV Werder Bremen"]
[BlackTeam "AEM Luxten Timisoara"]
[WhiteFideId "301264"]
[BlackFideId "1205730"]
[EventDate "2016.11.06"]

1. d4 Nf6 2. c4 d6 3. Nf3 g6 4. Nc3 Bg7 5. e4 O-O 6. Be2 e5 7. O-O Na6 8. Re1 c6
9. Bf1 Bg4 10. d5 Nb4 11. Be2 a5 12. Bg5 Na6 13. h3 Bd7 14. Nd2 h6 15. Be3 Ne8
16. c5 Nxc5 17. Nc4 cxd5 18. Nxd5 Nxe4 19. Ncb6 Rb8 20. Nxd7 Qxd7 21. Ba7 Rd8
22. Bb6 Ra8 23. Be3 Rb8 24. Ba7 Rd8 25. Bb6 Ra8 26. Be3 Rb8 27. Ba7 Rd8 1/2-1/2

[Event "32nd ECC Open 2016"]
[Site "Novi Sad SRB"]
[Date "2016.11.11"]
[Round "6.10"]
[Board "4"]
[White "Berescu, Alin-Mile"]
[Black "Koop, Thorben"]
[Result "1-0"]
[WhiteTitle "GM"]
[BlackTitle "IM"]
[WhiteElo "2452"]
[BlackElo "2430"]
[WhiteTeam "AEM Luxten Timisoara"]
[BlackTeam "SV Werder Bremen"]
[WhiteFideId "1204920"]
[BlackFideId "24661619"]
[EventDate "2016.11.06"]

1. e4 c5 2. Nf3 Nc6 3. d4 cxd4 4. Nxd4 Nf6 5. Nc3 d6 6. Be2 e6 7. Be3 a6 8. O-O
Bd7 9. Kh1 Be7 10. f4 Qc7 11. Qe1 h5 12. Rd1 b5 13. a3 Rc8 14. Qg3 Rh7 15. f5
Nxd4 16. Bxd4 e5 17. Bf2 Qb7 18. Qe3 h4 19. Bf3 Rc4 20. Rd3 a5 21. b3 Rc8 22.
Rc1 b4 23. axb4 axb4 24. Nd5 Nxd5 25. Rxd5 Ra8 26. h3 Bc6 27. Rdd1 Rh8 28. Ra1
Kd7 29. Rxa8 Rxa8 30. Qe1 Ra2 31. Bxh4 Rxc2 32. Bxe7 Kxe7 33. Qh4+ Kd7 34. f6
gxf6 35. Qxf6 Kc8 36. Bg4+ Bd7 37. Qxd6 1-0

[Event "32nd ECC Open 2016"]
[Site "Novi Sad SRB"]
[Date "2016.11.11"]
[Round "6.10"]
[Board "5"]
[White "Grigorian, Spartak"]
[Black "Grunberg, Mihai-Lucian"]
[Result "1-0"]
[BlackTitle "IM"]
[WhiteElo "2280"]
[BlackElo "2397"]
[WhiteTeam "SV Werder Bremen"]
[BlackTeam "AEM Luxten Timisoara"]
[WhiteFideId "24661490"]
[BlackFideId "1204149"]
[EventDate "2016.11.06"]

1. d4 f5 2. Nf3 Nf6 3. c4 c6 4. Nc3 g6 5. g3 Bg7 6. Bg2 O-O 7. O-O d6 8. Rb1 a5
9. Qb3 Kh8 10. Rd1 Na6 11. Na4 Ne4 12. Ng5 b5 13. cxb5 cxb5 14. Nc3 Nc7 15.
Ncxe4 fxe4 16. Bxe4 d5 17. Bc2 a4 18. Qe3 Ra6 19. Bd2 Ne8 20. Bb4 Nd6 21. Bd3
Bf5 22. Bxd6 Rxd6 23. Rbc1 Bxd3 24. Rxd3 Qd7 25. Rdc3 Qf5 26. Rc7 e5 27. dxe5
Bxe5 28. Rf7 Rf6 29. Rxh7+ Kg8 30. f4 Bxb2 31. Qe7 Rb6 32. Rh8+ 1-0

[Event "32nd ECC Open 2016"]
[Site "Novi Sad SRB"]
[Date "2016.11.11"]
[Round "6.10"]
[Board "6"]
[White "Toma, Radu-Cristian"]
[Black "Charmeteau, Sven"]
[Result "1-0"]
[WhiteElo "2368"]
[BlackElo "2305"]
[WhiteTeam "AEM Luxten Timisoara"]
[BlackTeam "SV Werder Bremen"]
[WhiteFideId "1217992"]
[BlackFideId "638285"]
[EventDate "2016.11.06"]

1. Nf3 Nf6 2. c4 c5 3. g3 d5 4. cxd5 Nxd5 5. Bg2 Nc6 6. O-O e5 7. Nc3 Be6 8. d3
Be7 9. Bd2 O-O 10. Nxd5 Bxd5 11. Bc3 f6 12. Nd2 Bxg2 13. Kxg2 Qd5+ 14. Kg1 Rad8
15. Qa4 Rfe8 16. Rfe1 Rd7 17. Rad1 a6 18. Nf1 b5 19. Qg4 Rdd8 20. Ne3 Qd7 21.
Qe4 g6 22. b3 f5 23. Qg2 h5 24. Nf1 Kh7 25. a4 Qe6 26. axb5 axb5 27. Ra1 Ra8 28.
Bxe5 Rxa1 29. Bxa1 Nb4 30. Ne3 Bg5 31. Qb7+ Re7 32. Qb8 Re8 33. Qa7+ Qe7 34.
Qxe7+ Rxe7 35. Bc3 Nc6 36. Nd5 Rd7 37. e4 fxe4 38. dxe4 Ra7 39. f4 Bd8 40. e5 b4
41. Bb2 Ra2 42. Bc1 Nd4 43. Rd1 Ra1 44. Kg2 Nxb3 45. Nxb4 cxb4 46. Rd7+ Kh6 47.
Be3 Ra8 48. h4 g5 49. f5 Na5 50. hxg5+ Bxg5 51. Rd6+ Kg7 52. Bxg5 Rb8 53. Rd7+
Kg8 54. e6 b3 55. Bf6 b2 56. Rg7+ Kf8 57. Rh7 1-0

[Event "32nd ECC Open 2016"]
[Site "Novi Sad SRB"]
[Date "2016.11.11"]
[Round "6.11"]
[Board "1"]
[White "Radovanovic, Nikola"]
[Black "Blomqvist, Erik"]
[Result "0-1"]
[WhiteTitle "IM"]
[BlackTitle "GM"]
[WhiteElo "2411"]
[BlackElo "2552"]
[WhiteTeam "Omladinski Sahovski Klub Paracin"]
[BlackTeam "SK Rockaden"]
[WhiteFideId "900087"]
[BlackFideId "1709437"]
[EventDate "2016.11.06"]

1. d4 d5 2. c4 dxc4 3. Nf3 Nf6 4. e3 e6 5. Bxc4 c5 6. O-O a6 7. Bb3 Be7 8. Qe2
cxd4 9. Rd1 Nc6 10. exd4 Na5 11. Bc2 b5 12. Nc3 Bb7 13. Ne5 O-O 14. Bg5 Rc8 15.
a3 Nc4 16. Nxc4 bxc4 17. Rac1 h6 18. Bh4 Nd5 19. Bxe7 Qxe7 20. Nxd5 Bxd5 21. Bb1
Rb8 22. f3 Rb6 23. Rd2 Rfb8 24. Rcc2 Qg5 25. Rc3 Rb3 26. Rdc2 Qh4 27. g4 Qf6 28.
Qf2 Bxf3 29. Ba2 Rxc3 30. Rxc3 Bd5 31. Qxf6 gxf6 32. Bxc4 Bxc4 33. Rxc4 Rxb2 34.
Ra4 Rd2 35. h3 Kg7 36. Rxa6 Rxd4 37. Kg2 Kg6 38. Ra7 Rd5 39. a4 f5 40. a5 fxg4
41. hxg4 h5 42. gxh5+ Rxh5 43. a6 Ra5 44. Ra8 Kf5 45. Kf2 Ke4 46. a7 e5 47. Kg3
f5 48. Kg2 Ra3 49. Kf2 f4 50. Kg2 Ra2+ 51. Kh3 0-1

[Event "32nd ECC Open 2016"]
[Site "Novi Sad SRB"]
[Date "2016.11.11"]
[Round "6.11"]
[Board "2"]
[White "Barkhagen, Jonas"]
[Black "Brankovic, Dejan"]
[Result "0-1"]
[WhiteTitle "IM"]
[BlackTitle "FM"]
[WhiteElo "2437"]
[BlackElo "2373"]
[WhiteTeam "SK Rockaden"]
[BlackTeam "Omladinski Sahovski Klub Paracin"]
[WhiteFideId "1700855"]
[BlackFideId "921602"]
[EventDate "2016.11.06"]

1. d4 Nf6 2. Nf3 g6 3. c4 Bg7 4. Nc3 d6 5. e4 O-O 6. Be2 e5 7. O-O exd4 8. Nxd4
Re8 9. f3 c6 10. Kh1 Nh5 11. g4 Nf6 12. Be3 h5 13. g5 Nh7 14. Qd2 Na6 15. Rad1
Qe7 16. Nb3 Be5 17. Rg1 Bh3 18. Qe1 Nc5 19. Qf2 Bxc3 20. Nxc5 Bxb2 21. Rb1 dxc5
22. Rxb2 b6 23. Qg3 Bc8 24. Rd2 Nf8 25. Rgd1 Ne6 26. Rd6 Nd4 27. R1xd4 cxd4 28.
Bxd4 c5 29. Bf6 Qc7 30. Bb2 Qe7 31. Qf4 Bh3 32. Qd2 Kh7 33. Bf6 Qb7 34. Kg1 Rac8
35. a4 Rc7 36. Bb2 Rd7 37. Qc3 Rg8 38. Rd5 Qc6 39. f4 Be6 40. Qc2 Bxd5 41. cxd5
Qc7 42. Be5 Rd6 43. Bxh5 gxh5 44. Qe2 Rg7 45. Qxh5+ Kg8 46. h4 c4 47. Qg4 c3 0-1

[Event "32nd ECC Open 2016"]
[Site "Novi Sad SRB"]
[Date "2016.11.11"]
[Round "6.11"]
[Board "3"]
[White "Mladenovic, Stefan"]
[Black "Bator, Robert"]
[Result "1-0"]
[BlackTitle "IM"]
[WhiteElo "2292"]
[BlackElo "2428"]
[WhiteTeam "Omladinski Sahovski Klub Paracin"]
[BlackTeam "SK Rockaden"]
[WhiteFideId "942227"]
[BlackFideId "1700405"]
[EventDate "2016.11.06"]

1. d4 d5 2. c4 c6 3. Nf3 Nf6 4. e3 Bf5 5. Nc3 a6 6. Qb3 Ra7 7. Bd2 e6 8. Nh4 Be4
9. f3 dxc4 10. Qxc4 Bd5 11. Nxd5 cxd5 12. Qa4+ Nc6 13. g3 b5 14. Qd1 Be7 15. a4
b4 16. a5 O-O 17. Qa4 Qd6 18. Be2 Nd7 19. Ng2 e5 20. Rc1 Rc7 21. dxe5 Ndxe5 22.
O-O d4 23. Bxa6 dxe3 24. Bxe3 Nd4 25. Rxc7 Ndxf3+ 26. Rxf3 Nxf3+ 27. Kf2 Qxc7
28. Kxf3 Qe5 29. Bd3 Qf6+ 30. Ke2 Qxb2+ 31. Qc2 Qa1 32. a6 Qa3 33. a7 b3 34.
Bxh7+ Kh8 35. Qe4 g6 36. Bxg6 Qa6+ 37. Qd3 Qxg6 38. Qxb3 Rc8 39. Nf4 Qf5 40. Qd5
Qc2+ 41. Kf3 Qa4 42. Qh5+ 1-0

[Event "32nd ECC Open 2016"]
[Site "Novi Sad SRB"]
[Date "2016.11.11"]
[Round "6.11"]
[Board "4"]
[White "Hedman, Erik"]
[Black "Cvetanovic, Uros"]
[Result "1/2-1/2"]
[WhiteTitle "FM"]
[BlackTitle "CM"]
[WhiteElo "2354"]
[BlackElo "2269"]
[WhiteTeam "SK Rockaden"]
[BlackTeam "Omladinski Sahovski Klub Paracin"]
[WhiteFideId "1702351"]
[BlackFideId "900672"]
[EventDate "2016.11.06"]

1. d4 Nf6 2. c4 e6 3. Nf3 b6 4. g3 Bb7 5. Bg2 Bb4+ 6. Bd2 Bxd2+ 7. Qxd2 O-O 8.
O-O d6 9. Nc3 Nbd7 10. d5 e5 11. e4 a5 12. b3 Nc5 13. Qc2 c6 14. dxc6 Bxc6 15.
Rfd1 Qc7 16. Nb5 Bxb5 17. cxb5 Qe7 18. Nd2 Rfd8 19. Nc4 Rab8 20. Rd2 Ne6 21. Qd1
Nd4 22. Rxd4 exd4 23. Qxd4 Qc7 24. a4 Qc5 25. Qxc5 dxc5 26. e5 Ne8 27. Bc6 Kf8
28. Ne3 Rd3 29. Rb1 Nc7 30. Be4 Rd4 31. f3 g6 32. Rb2 Ke7 33. Re2 Ke6 34. Kf2
Ke7 35. Nc2 Rd7 36. Ne3 h5 37. f4 f5 38. exf6+ Kxf6 39. Nc4 Rd1 40. Ne5 g5 41.
Bc6 gxf4 42. Nd7+ Rxd7 43. Bxd7 Rd8 44. Bh3 Rd3 45. Bc8 fxg3+ 46. hxg3 Rxb3 47.
Rd2 Ke5 48. Bb7 Ke6 49. Bc8+ Ke5 50. Bb7 1/2-1/2

[Event "32nd ECC Open 2016"]
[Site "Novi Sad SRB"]
[Date "2016.11.11"]
[Round "6.11"]
[Board "5"]
[White "Ivic, Matija"]
[Black "Engqvist, Thomas"]
[Result "1-0"]
[BlackTitle "IM"]
[WhiteElo "2231"]
[BlackElo "2350"]
[WhiteTeam "Omladinski Sahovski Klub Paracin"]
[BlackTeam "SK Rockaden"]
[WhiteFideId "953687"]
[BlackFideId "1700332"]
[EventDate "2016.11.06"]

1. d4 Nf6 2. Nf3 e6 3. g3 b6 4. Bg2 Bb7 5. O-O c5 6. c4 cxd4 7. Qxd4 d6 8. Nc3
a6 9. b3 Nbd7 10. Rd1 Be7 11. Bb2 Qc7 12. Rac1 O-O 13. Ng5 Rfd8 14. Nge4 Ne8 15.
Qe3 Rac8 16. Bh3 h6 17. f4 Ndf6 18. Bg2 Ng4 19. Qf3 f5 20. h3 fxe4 21. Qxg4 Qc5+
22. Kh2 Qf5 23. Qxf5 exf5 24. Nd5 Bxd5 25. Rxd5 g6 26. e3 Kf7 27. g4 Ke6 28. Rd2
Bf6 29. gxf5+ gxf5 30. Ba3 Rc7 31. Rcd1 a5 32. Rd5 Bc3 33. h4 Rc6 34. Bh3 Ng7
35. Rg1 Kf6 36. Rc1 Bb4 37. Bb2+ Kf7 38. Rg1 Rg8 39. Bxf5 Bc5 40. Bh7 Rcc8 41.
Bxg8+ Rxg8 42. Rxg7+ Rxg7 43. Bxg7 Kxg7 44. Kg3 1-0

[Event "32nd ECC Open 2016"]
[Site "Novi Sad SRB"]
[Date "2016.11.11"]
[Round "6.11"]
[Board "6"]
[White "Kenneskog, Theodor"]
[Black "Dezelin, Milan"]
[Result "1-0"]
[WhiteTitle "FM"]
[BlackTitle "FM"]
[WhiteElo "2332"]
[BlackElo "2220"]
[WhiteTeam "SK Rockaden"]
[BlackTeam "Omladinski Sahovski Klub Paracin"]
[WhiteFideId "1715011"]
[BlackFideId "933015"]
[EventDate "2016.11.06"]

1. e4 c5 2. Nf3 a6 3. c4 Nc6 4. d4 cxd4 5. Nxd4 Nf6 6. Nc3 e6 7. Be2 Qc7 8. Be3
Bb4 9. O-O Bxc3 10. bxc3 Nxe4 11. Bf3 d5 12. cxd5 exd5 13. c4 O-O 14. cxd5 Nxd4
15. Qxd4 Nd6 16. Rac1 Qd8 17. Bf4 Nb5 18. Qb4 Qf6 19. Rfe1 Nd4 20. Be4 Qxf4 21.
Qxd4 Qd6 22. Re3 Bd7 23. Rg3 g6 24. h4 Qf4 25. Rd1 Qxh4 26. Bxg6 Qxd4 27. Bxh7+
Kxh7 1-0

[Event "32nd ECC Open 2016"]
[Site "Novi Sad SRB"]
[Date "2016.11.11"]
[Round "6.12"]
[Board "1"]
[White "Heimann, Andreas"]
[Black "Sprenger, Jan Michael"]
[Result "1/2-1/2"]
[WhiteTitle "GM"]
[BlackTitle "IM"]
[WhiteElo "2586"]
[BlackElo "2512"]
[WhiteTeam "Schachgesellschaft Riehen"]
[BlackTeam "LSG IntelliMagic"]
[WhiteFideId "24624632"]
[BlackFideId "4646258"]
[EventDate "2016.11.06"]

1. e4 c5 2. Nf3 Nc6 3. d4 cxd4 4. Nxd4 Nf6 5. Nc3 d6 6. Bg5 Bd7 7. Qd2 Rc8 8.
O-O-O Nxd4 9. Qxd4 Qa5 10. f4 h6 11. Bxf6 gxf6 12. f5 h5 13. Kb1 Bh6 14. Nd5 Qc5
15. Qd3 Ba4 16. b3 Bc6 17. b4 Qf2 18. Nxe7 Kxe7 19. Qxd6+ Ke8 20. Qxf6 Rh7 21.
Bc4 Qb6 22. Bxf7+ Rxf7 23. Qe6+ Re7 24. Qg8+ Bf8 25. Qg6+ Rf7 26. Qe6+ Re7 27.
Qg6+ Rf7 28. Qe6+ Re7 29. Qg6+ 1/2-1/2

[Event "32nd ECC Open 2016"]
[Site "Novi Sad SRB"]
[Date "2016.11.11"]
[Round "6.12"]
[Board "2"]
[White "Pijpers, Arthur"]
[Black "Cvitan, Ognjen"]
[Result "1-0"]
[WhiteTitle "IM"]
[BlackTitle "GM"]
[WhiteElo "2465"]
[BlackElo "2502"]
[WhiteTeam "LSG IntelliMagic"]
[BlackTeam "Schachgesellschaft Riehen"]
[WhiteFideId "1019554"]
[BlackFideId "14500086"]
[EventDate "2016.11.06"]

1. e4 c6 2. d4 d5 3. e5 Bf5 4. Nf3 e6 5. Be2 Bb4+ 6. c3 Ba5 7. O-O Nd7 8. a4 h6
9. b4 Bc7 10. a5 Ne7 11. Nh4 Bh7 12. f4 O-O 13. Na3 b6 14. Bd3 Bxd3 15. Qxd3 f5
16. Nc2 b5 17. g4 g6 18. Qh3 Qe8 19. Ne3 Qf7 20. Ra2 Kh8 21. Rg2 Rg8 22. Kh1 Rg7
23. Rfg1 Rag8 24. Bd2 Bd8 25. Be1 Rh7 26. gxf5 exf5 27. Nexf5 gxf5 28. Rxg8+
Nxg8 29. Ng6+ Kg7 30. Ne7+ Kf8 31. Rxg8+ Kxe7 32. Qh4+ 1-0

[Event "32nd ECC Open 2016"]
[Site "Novi Sad SRB"]
[Date "2016.11.11"]
[Round "6.12"]
[Board "3"]
[White "Georgiadis, Ioannis"]
[Black "Van Haastert, Edwin"]
[Result "1-0"]
[WhiteTitle "IM"]
[BlackTitle "IM"]
[WhiteElo "2479"]
[BlackElo "2448"]
[WhiteTeam "Schachgesellschaft Riehen"]
[BlackTeam "LSG IntelliMagic"]
[WhiteFideId "4208900"]
[BlackFideId "1003992"]
[EventDate "2016.11.06"]

1. e4 e6 2. d4 d5 3. Nd2 Be7 4. Bd3 c5 5. dxc5 Nf6 6. Qe2 O-O 7. Ngf3 a5 8. O-O
Na6 9. e5 Nd7 10. c4 Ndxc5 11. Bb1 Nc7 12. Rd1 b6 13. Ne4 Nxe4 14. Bxe4 Bb7 15.
Bc2 Na6 16. a3 Qc7 17. Ng5 Bxg5 18. Bxg5 dxc4 19. Rd4 f5 20. exf6 gxf6 21. Qxe6+
Qf7 22. Bxh7+ 1-0

[Event "32nd ECC Open 2016"]
[Site "Novi Sad SRB"]
[Date "2016.11.11"]
[Round "6.12"]
[Board "4"]
[White "Bosman, Michiel"]
[Black "Brunner, Nicolas"]
[Result "1/2-1/2"]
[WhiteTitle "FM"]
[BlackTitle "IM"]
[WhiteElo "2353"]
[BlackElo "2469"]
[WhiteTeam "LSG IntelliMagic"]
[BlackTeam "Schachgesellschaft Riehen"]
[WhiteFideId "1000721"]
[BlackFideId "620246"]
[EventDate "2016.11.06"]

1. d4 d5 2. Nf3 Nf6 3. c4 e6 4. g3 dxc4 5. Bg2 Nc6 6. Qa4 Bb4+ 7. Bd2 Nd5 8.
Bxb4 Nxb4 9. O-O Rb8 10. Na3 O-O 11. Qb5 b6 12. Qxc4 Ba6 13. Nb5 Qd5 14. Qxd5
Nxd5 15. a4 Rbd8 16. Rfc1 Na5 17. e4 c6 18. exd5 cxb5 19. dxe6 fxe6 20. axb5
Bxb5 21. Rc7 Nc6 22. h4 a6 23. Rc1 Rd6 24. Rc2 h6 25. Kh2 Nb4 26. Rd2 Nc6 27.
Rc2 Nb4 28. Rd2 Nc6 1/2-1/2

[Event "32nd ECC Open 2016"]
[Site "Novi Sad SRB"]
[Date "2016.11.11"]
[Round "6.12"]
[Board "5"]
[White "Buss, Ralph"]
[Black "Van der Werf, Mark"]
[Result "1/2-1/2"]
[WhiteTitle "IM"]
[BlackTitle "IM"]
[WhiteElo "2360"]
[BlackElo "2412"]
[WhiteTeam "Schachgesellschaft Riehen"]
[BlackTeam "LSG IntelliMagic"]
[WhiteFideId "1305697"]
[BlackFideId "1000470"]
[EventDate "2016.11.06"]

1. d4 Nf6 2. c4 c5 3. d5 b5 4. cxb5 a6 5. bxa6 g6 6. Nc3 Bg7 7. e4 O-O 8. e5 Ne8
9. h4 d6 10. exd6 Nf6 11. Bb5 exd6 12. Nge2 Nxa6 13. Bf4 Rb8 14. a4 Nb4 15. Qd2
Qc7 16. Kf1 Ng4 17. h5 Bd7 18. f3 Ne5 19. Bh6 Bxb5 20. Nxb5 Qe7 21. Bxg7 Kxg7
22. hxg6 fxg6 23. Nf4 Kg8 24. Ne6 Rf5 25. Re1 Nxd5 26. Qxd5 Nxf3 27. Qxf5 Nd2+
28. Ke2 gxf5 29. Kxd2 Qf6 30. Kc1 Qg6 31. Nf4 Qg3 32. Rhf1 Qb3 33. Re2 Qxa4 34.
Nc3 Qa1+ 35. Nb1 Qa2 36. Nc3 Qa1+ 37. Nb1 Qa2 38. Nc3 1/2-1/2

[Event "32nd ECC Open 2016"]
[Site "Novi Sad SRB"]
[Date "2016.11.11"]
[Round "6.12"]
[Board "6"]
[White "De Jong, Jan-Willem"]
[Black "Schmidt-Schaeffer, Sebastian"]
[Result "1-0"]
[WhiteTitle "IM"]
[WhiteElo "2447"]
[BlackElo "2386"]
[WhiteTeam "LSG IntelliMagic"]
[BlackTeam "Schachgesellschaft Riehen"]
[WhiteFideId "1008641"]
[BlackFideId "4610148"]
[EventDate "2016.11.06"]

1. d4 f5 2. Bg5 h6 3. Bh4 g5 4. Bg3 Nf6 5. e3 Bg7 6. Nc3 e6 7. h4 d6 8. hxg5
hxg5 9. Rxh8+ Bxh8 10. Nh3 g4 11. Nf4 Bd7 12. Qd2 Nc6 13. O-O-O Qe7 14. d5 Ne5
15. Qd4 Kf7 16. Bb5 c6 17. dxe6+ Bxe6 18. Ba4 Nc4 19. Nxe6 Qxe6 20. Bb3 d5 21.
Bxc4 dxc4 22. Qf4 Nd5 23. Nxd5 cxd5 24. Qc7+ Kg6 25. Qxb7 Rd8 26. c3 a6 27. Bf4
Bg7 28. f3 Rd7 29. Qc8 Kf7 30. e4 fxe4 31. fxe4 d4 32. Qc5 dxc3 33. Rxd7+ Qxd7
34. Qxc4+ Qe6 35. Qxe6+ Kxe6 36. b3 Be5 37. Be3 Bf6 38. Kc2 Ke5 39. Kd3 Bh4 40.
Bd4+ Kf4 41. Bxc3 Be7 42. Be1 Bd8 43. b4 Bb6 44. a4 Ba7 45. g3+ Ke5 46. Bd2 1-0

[Event "32nd ECC Open 2016"]
[Site "Novi Sad SRB"]
[Date "2016.11.11"]
[Round "6.13"]
[Board "1"]
[White "Edouard, Romain"]
[Black "Schroeder, Jan-Christian"]
[Result "1/2-1/2"]
[WhiteTitle "GM"]
[BlackTitle "GM"]
[WhiteElo "2628"]
[BlackElo "2521"]
[WhiteTeam "KGSRL Gent"]
[BlackTeam "The Smashing Pawns Bieles"]
[WhiteFideId "633429"]
[BlackFideId "24662259"]
[EventDate "2016.11.06"]

1. Nf3 d5 2. g3 Nf6 3. Bg2 e6 4. O-O Be7 5. d3 O-O 6. Nbd2 c5 7. e4 Nc6 8. Re1
Qc7 9. e5 Nd7 10. Qe2 b5 11. h4 Bb7 12. Nf1 b4 13. h5 h6 14. Bf4 Rfc8 15. Qd2 a5
16. Ne3 Qd8 17. Rad1 Nb6 18. Ng4 Bf8 19. c3 Rc7 20. Qc2 Nd7 21. c4 Ne7 22. Nh4
Kh8 23. Qb1 Qc8 24. Qc1 Nb6 25. Kh2 Ng8 26. Ne3 Rd7 27. Qc2 Qc7 28. Qe2 Rad8 29.
Nf3 Ne7 30. Nd2 a4 31. g4 dxc4 32. Ndxc4 Bxg2 33. Nxg2 Nc6 34. Nxb6 Qxb6 35. Bg3
Nd4 36. Qe4 Qb7 37. Qxb7 Rxb7 38. Kh3 b3 39. a3 Nf3 40. Re3 Ng5+ 41. Kh2 c4 42.
f4 Bc5 43. fxg5 Bxe3 44. Nxe3 Rxd3 45. Rxd3 cxd3 46. gxh6 g5 47. Kg2 Kh7 48. Kf3
Rb5 49. Ke4 d2 50. Nd1 Rc5 51. Kd3 Rd5+ 52. Ke4 Rc5 53. Kd3 Rd5+ 54. Ke4 1/2-1/2

[Event "32nd ECC Open 2016"]
[Site "Novi Sad SRB"]
[Date "2016.11.11"]
[Round "6.13"]
[Board "2"]
[White "Frischmann, Rick"]
[Black "Le Roux, Jean-Pierre"]
[Result "1-0"]
[BlackTitle "GM"]
[WhiteElo "2312"]
[BlackElo "2549"]
[WhiteTeam "The Smashing Pawns Bieles"]
[BlackTeam "KGSRL Gent"]
[WhiteFideId "24660752"]
[BlackFideId "609404"]
[EventDate "2016.11.06"]

1. e4 c6 2. d4 d5 3. e5 Bf5 4. Nf3 e6 5. Be2 Bb4+ 6. Nbd2 Ba5 7. O-O Nd7 8. Nb3
Bc7 9. Bg5 f6 10. exf6 Ngxf6 11. Nh4 O-O 12. c4 h6 13. Bxf6 Nxf6 14. Nxf5 exf5
15. cxd5 Nxd5 16. Nc5 Nf4 17. Bf3 b6 18. Na6 Bd6 19. Bxc6 Rc8 20. Bf3 Kh8 21.
Qb3 Qf6 22. Rad1 Ne6 23. Qd3 Rcd8 24. d5 Ng5 25. Rd2 Rfe8 26. a3 Qe5 27. g3 f4
28. Nb4 Bxb4 29. axb4 Qd6 30. b5 Qb4 31. Bh1 Nh3+ 32. Kg2 Ng5 33. Rfd1 Rf8 34.
h4 Nf7 35. Qd4 Qxd4 36. Rxd4 fxg3 37. fxg3 Nd6 38. Rb4 Rc8 39. Rd2 Rc5 40. Kh3
Rd8 41. Kg4 Kg8 42. Re2 Rd7 43. Rf4 Rxb5 44. Kh5 Rb3 45. Bf3 Rf7 46. Bg4 Rxf4
47. gxf4 Kf7 48. Be6+ Kf8 49. Kg6 Rb4 50. Rc2 Rc4 51. Rf2 b5 52. h5 Rc1 53. f5
Ne8 54. Kh7 Nf6+ 55. Kh8 Ke7 56. Rf3 Nxh5 57. Ra3 Rc7 58. Ra6 Kf6 59. d6 Rb7 60.
Bc8 Rb6 61. d7 Ke7 62. Rxa7 Ng3 63. Ra3 Nxf5 64. d8=Q+ Kxd8 65. Bxf5 g5 66. Kg7
Rd6 67. Rd3 Rxd3 68. Bxd3 b4 69. Kxh6 g4 70. Kg5 1-0